| 000 | 00403nam a22001577a 4500 | ||
|---|---|---|---|
| 999 |
_c15553 _d15553 |
||
| 003 | OSt | ||
| 008 | 190515b ||||| |||| 00| 0 eng d | ||
| 020 | _a9789385516740 | ||
| 082 |
_a630 _bSOM/AG |
||
| 100 |
_aSomasundaram, E _94036 |
||
| 245 | _aAgronomy Principles & Practices | ||
| 260 |
_aNew Delhi _bNwe India Agency _c2017 |
||
| 300 | _a273 p. | ||
| 700 |
_aAmanullah, Mohamed M _94037 |
||
| 942 | _cBK | ||